II Jornadas argentinas sobre catálisis : programa y resúmenes de las contribuciones presentadas. Salta, 21 al 24 de setiembre de 1981 /

Guardado en:
Autores Corporativos: Jornadas Argentinas sobre Catálisis Salta), Comité Nacional de Catálisis (CONACA), Instituto de Investigaciones para la Industria Química (INTEQUI)
Formato: Libro
Idioma:Spanish
Publicado: Salta : CONACA, 1981.
Materias:
Etiquetas: Agregar Etiqueta
Sin Etiquetas, Sea el primero en etiquetar este registro!
LEADER 00872nam a22001815a 4500
001 EIQ.libpla000772
008 060522s1981####ag############100#0#spa#d
005 20060523131759.0
245 1 0 |a II Jornadas argentinas sobre catálisis :  |b programa y resúmenes de las contribuciones presentadas. Salta, 21 al 24 de setiembre de 1981 /  |c Comite Nacional de Catálisis (CONACA), Instituto de Investigaciones para la Industria Química (INIQUI). 
260 |a Salta :  |b CONACA,  |c 1981. 
300 |a 116 ;  |c 25 cm. 
111 2 |a Jornadas Argentinas sobre Catálisis  |n (2º :  |d 1981 :  |c Salta) 
710 2 |a Comité Nacional de Catálisis (CONACA) 
710 2 |a Instituto de Investigaciones para la Industria Química (INTEQUI) 
650 4 |a Catálisis  |x Congresos. 
650 4 |a Catalysis  |x Congresses. 
040 |a AR-BbSID  |b spa  |c AR-BbSID 
859 |a AR-BbSID  |b BIB. PLAPIQUI  |h 541.395  |i J 769  |p 1444  |v II  |3 II